Tản Đà về tác gia và tác phẩm

Na minha lista:
Detalhes bibliográficos
Autor principal: Tản Đà
Formato: Livro
Idioma:Undetermined
Publicado em: Hà Nội Giáo dục 2007
Assuntos:
Tags: Adicionar Tag
Sem tags, seja o primeiro a adicionar uma tag!
Thư viện lưu trữ: Trung tâm Học liệu Trường Đại học Cần Thơ
LEADER 00745nam a2200217Ia 4500
001 CTU_131771
008 210402s9999 xx 000 0 und d
020 |c 117000 
082 |a 809 
082 |b T105 
100 |a Tản Đà 
245 0 |a Tản Đà về tác gia và tác phẩm 
245 0 |c Tản Đà; Trịnh Bá Đỉnh, Nguyễn Đức Mậu tuyển chọn và giới thiệu 
260 |a Hà Nội 
260 |b Giáo dục 
260 |c 2007 
650 |a Vietnamese literature,Văn học Việt Nam 
650 |x History and criticism,Lịch sử và phê bình 
650 |y 19th century,Thế kỷ 19 
904 |i Tuyến 
980 |a Trung tâm Học liệu Trường Đại học Cần Thơ